Ábécé

Bibliographic Details
Main Author: Gyüre, Lajos, 1931-2018 (Author)
Other Authors: Juhász, Tibor (Illustrator)
Format: Article
Language:Hungarian
Slovak
PhysicalDescription:Obr.
Subjects:

MARC

LEADER 00000nab a2200000 ar4500
001 vtls008623112
003 SK-MaSNL
005 20260303185223.0
008 060120c2006 xo |||||||| 000 b|hun
015 |a SNBRB2006/01  |2 snkbucl 
038 |a SNKBUCL 
040 |a DSZK  |b slo  |c DSZK  |e AACR2 
041 0 |a slo 
044 |a xo  |c SK 
080 |a 821.511.141 (437.6)-93=511.141  |2 UDC-MRF-SK2 
080 |a 821.511.141 (437.6)-1(0.053.2)=511.141  |2 UDC-MRF-SK2 
100 1 |a Gyüre, Lajos,  |d 1931-2018  |4 aut  |9 178874 
245 1 0 |a Ábécé  |c Gyüre Lajos ; illusztrálta Juhász Tibor 
300 |b Obr. 
650 0 7 |a naratívne básne, maďarské  |2 snkbucl  |9 71242 
700 1 |a Juhász, Tibor  |4 ill  |9 596009 
773 0 |t Tücsök  |g Évf. 16, sz. 5 (2006), o. 11 
852 |a SNK  |b KIS3GCP 
852 |a DSZK  |b KIS3GCP 
958 |a SK 
958 |a LX 
958 |a DB 
958 |a HU 
999 |c 2130332  |d 2132262